000 00458nam a2200169Ia 4500
008 090711s9999 xx 000 0 und d
082 _b58276
100 _aलेले वि. गं.
245 _aकळस
260 _bविश्वमंगल प्रकाशन
_c1950
300 _a106
600 _aलेले वि. गं.
630 _aकळस
700 _aलेले वि. गं.
730 _aकळस
942 _cBOOK
999 _c319667
_d319667